Zkušenosti z výtvarné výchovy v jeslích

Bibliographic Details
Main Authors: Vítková, Marie (Author), Mikulášková, Jana (Author)
Format: Article
Language:Czech

MARC

LEADER 00000nab a2200000uu 4500
001 vtls011438094
003 SK-MaSNL
005 20260303145647.0
008 230222| xo |||||||||||||||||cze|
015 |a SNBRB 
035 |a (urnnbn)urn:nbn:sk:snk:ar-002nyt 
035 |a (uuid)07eb93bc-21a2-4331-9cd9-cb0af638090f 
035 |a urn:nbn:sk:snk-abcd3p 
040 |a SNKBUCL  |b slo  |c SNKBUCL  |e AACR2 
041 0 |a cze 
044 |a xo  |c SK 
100 1 |a Vítková, Marie  |4 aut  |9 821616 
245 1 0 |a Zkušenosti z výtvarné výchovy v jeslích  |c Marie Vítková, Jana Mikulášková 
700 1 |a Mikulášková, Jana  |4 aut  |9 393636 
773 0 |t Predškolská výchova : pedagogický časopis pre učiteľky materských škôl  |g Roč. 32, č. 9 (1977-1978), s. 256-260 
958 |a OND 
958 |a EUIPO 
958 |a article16 
999 |c 2004384  |d 2006314